MARC

Tag First Indicator Second Indicator Subfields
LEADER 00000cam a2200000 i 4500
001 in00005748310
005 20260326190027.8
006 m o d
007 cr bn||||||ada
008 110809s1964 enka ob 100 0 eng d
040 |a OCLCE  |b eng  |e pn  |c OCLCE  |d OCLCQ  |d OPELS  |d OCLCO  |d E7B  |d OCLCQ  |d OCLCO  |d OCLCQ  |d OCLCF  |d OCLCO  |d STF  |d OCLCO  |d OCLCA  |d OCLCQ  |d OCLCO  |d OCLCQ  |d OCLCO  |d COM  |d OCLCO  |d OCLCQ  |d OCLCO  |d OCLCL  |d OCLCQ 
019 |a 1468014032 
020 |a 9780080108070  |q (electronic bk.) 
020 |a 0080108075  |q (electronic bk.) 
035 |a (OCoLC)746109916  |z (OCoLC)1468014032 
042 |a dlr 
050 4 |a RM300  |b .I5 1963 
060 4 |a W3 IN837 v.5 1963 
082 0 4 |a 615.106 
084 |a 44.38  |2 bcl 
049 |a TXAM 
111 2 |a International Pharmacological Meeting  |n (2nd :  |d 1963 :  |c Prague, Czech Republic) 
245 1 0 |a Pharmacology of cardiac function /  |c edited by Otto Krayer ; assistant editor: Alena Kovaříková. 
260 |a Oxford ;  |a New York :  |b Pergamon,  |c 1964. 
300 |a 1 online resource (vii, 152 pages) :  |b illustrations 
336 |a text  |b txt  |2 rdacontent 
337 |a computer  |b c  |2 rdamedia 
338 |a online resource  |b cr  |2 rdacarrier 
490 1 |a Its Proceedings ;  |v v. 5 
504 |a Includes bibliographical references. 
538 |a Master and use copy. Digital master created according to Benchmark for Faithful Digital Reproductions of Monographs and Serials, Version 1. Digital Library Federation, December 2002.  |u http://purl.oclc.org/DLF/benchrepro0212  |5 MiAaHDL 
583 1 |a digitized  |c 2011  |h HathiTrust Digital Library  |l committed to preserve  |2 pda  |5 MiAaHDL 
588 0 |a Print version record. 
650 0 |a Cardiac output  |x Effect of drugs on  |v Congresses. 
650 0 |a Heart  |x Effect of drugs on  |v Congresses. 
650 0 |a Pharmacology  |v Congresses. 
650 0 |a Pharmacology. 
650 2 |a Cardiac Volume  |x drug effects 
650 2 |a Pharmacology 
650 6 |a Débit cardiaque  |x Effets des médicaments sur  |v Congrès. 
650 6 |a Cœur  |x Effets des médicaments sur  |v Congrès. 
650 6 |a Pharmacologie  |v Congrès. 
650 6 |a Pharmacologie. 
650 7 |a pharmacology.  |2 aat 
650 7 |a Heart  |x Effect of drugs on  |2 fast 
650 7 |a Pharmacology  |2 fast 
655 7 |a Electronic books.  |2 local 
655 2 |a Congress 
655 7 |a proceedings (reports)  |2 aat 
655 7 |a Conference papers and proceedings  |2 fast 
655 7 |a Conference papers and proceedings.  |2 lcgft 
655 7 |a Actes de congrès.  |2 rvmgf 
700 1 |a Krayer, Otto,  |e editor. 
710 2 |a ScienceDirect (Online service) 
776 0 8 |i Print version:  |a International Pharmacological Meeting (2nd : 1963 : Prague).  |t Pharmacology of cardiac function.  |d Oxford ; New York : Pergamon, 1964  |w (DLC) 64015320  |w (OCoLC)3626086 
776 1 |c Original  |w (DLC) 64015320  |w (OCoLC)3626086 
811 2 |a Its.  |t Proceedings ;  |v v. 5. 
856 4 0 |u http://proxy.library.tamu.edu/login?url=https://www.sciencedirect.com/science/book/9780080108070  |z Connect to the full text of this electronic book  |t 0 
955 |a Elsevier ScienceDirect 2026-2027 
994 |a 92  |b TXA 
999 f f |i 9c05f938-acbe-4ed4-adc9-3aad9e25cda6  |s d1ac5280-342c-4252-8668-45225c073e12  |t 0 
952 f f |a Texas A&M University  |b College Station  |c Electronic Resources  |s www_evans  |d Available Online  |t 0  |e RM300 .I5 1963  |h Library of Congress classification 
998 f f |a RM300 .I5 1963  |t 0  |l Available Online